00293nam a2200121Ia 4500008004100000100002000041245003800061260002000099300000800119650002200127942000700149999001500156190216s9999||||xx |||||||||||||| ||und|| aAnantharaman R 0aFundamentals Of Quantum Chemistry bMacmillanc2001 a812 aQuantum Chemistry cBK c3195d3195